000 00789nam a22002057a 4500
005 20100802105722.0
010 _aENG-97270
020 _a9788184350708
_c695.00
035 _aEN-80803
037 _bDBAD/PUB
082 _a796.069
100 _aGupta, Iswar Das
_96117
245 _aSports management /
_cby Iswar das gupta
260 _aNew Delhi
_bAdhyayan Publishers & Distributors
_c2008
270 _a4378/B,105,J.M.D. House,Murari lal street ansariroad,Darya Ganj,
_bNew Delhi
_e110002
300 _a256p.
_c23cm (Hb)
500 _aIncludes bibliographical references and index.
942 _2ddc
_cEN
_h796.069
_mGUP
999 _c38523
_d38523